| 000 | 00426nam a22001697a 4500 | ||
|---|---|---|---|
| 003 | OSt | ||
| 008 | 241022b |||||||| |||| 00| 0 eng d | ||
| 020 | _a9788170263746 | ||
| 082 | _a687.2 SAF | ||
| 100 | _aSACHDEVA, Nidhi | ||
| 245 | _aFashion : Marketing, Merchandising and Buying | ||
| 250 | _a1st. ed. | ||
| 260 |
_aNew Delhi, _bHeritage Publishers, _c2018, |
||
| 300 | _a200 p. | ||
| 650 | _aB.FAD. | ||
| 942 |
_2ddc _cREF |
||
| 999 |
_c12941 _d12941 |
||